000 00607cam a22002171 4500
001 sa 67002988
003 DLC
005 20260227112335.0
008 840130s1965 ii a 001 0 eng
010 _asa 67002988
035 _a(OCoLC)10353571
040 _aDLC
_cMiRochOU
_dDLC
042 _apremarc
050 0 0 _aDS481.S48
_bM3 1965
100 1 _aMankekar, D. R.
245 1 0 _aLal Bahadur, a political biography
_c[by] D.R. Mankekar.
250 _a[2d rev. ed.]
260 _aBombay,
_bPopular Prakashan
_c[1965]
300 _a175 p.
_billus.
_c23 cm.
600 1 0 _aShastri, Lal Bahadur,
_d1904-1966.
999 _c73577
_d73577